Mickey Mouse Clubhouse+ Characters - Statistics

General Stats
  • This quiz has been taken 56 times
    7 since last reset
  • The average score is 13 of 21
Answer Stats
Hint Answer % Correct
Annoying Chimpmunks Chip and Dale
100%
Duck named by a Flower Daisy Duck
100%
Angry-tempered duck Donald Duck
100%
Gawrsh! Goofy
100%
Owner of the Clubhouse Mickey Mouse
100%
Buttons and Bows! Minnie Mouse
100%
Non-verbal dog Pluto
100%
Evil Cat Pete the Cat
75%
Giant Willie the Giant
75%
Makes delicious food Clarabelle Cow
50%
Cuckoo Bird Cuckoo-Loca
50%
Inventor of the Clubhouse Professor Ludwig Von Drake
50%
Brings the mouseketools Toodles
50%
Bear that snuck into Minnies clubhouse Baby Bear
25%
Non-verbal chicken Clara Cluck
25%
Mickeys stuffy Duffy the Disney Bear
25%
Flying fire breathing dragon Farfus the Dragon
25%
Duck (Goofys son) (not max) Goofy Jr.
25%
Champion Skater Hilda Hippo
25%
Seahorse (usually horse) Horace Horsecollar
25%
New Mechanical Helper Little Helper
25%
No matching quizzes found
Score Distribution
Percent of People with Each Score
Percentile by Number Answered
Your Score History
You have not taken this quiz since the last reset